Διαφορετικές μορφές non arbitrage και βιωσιμότητα της αγοράς : μεταπτυχιακή εργασία
Στην παρούσα διπλωματική εργασία μελετάμε τη σχέση ανάμεσα στην έννοια της απουσίας arbitrage από μία χρηματοοικονομική αγορά και στην έννοια της βιωσιμότητας της αγοράς, δηλαδή στην ύπαρξη λύσης στο πρόβλημα βελτιστοποίησης χαρτοφυλακίου. Πιο συγκεκριμένα, παρουσιάζονται οι σημαντικότερες συνθήκες...
Αποθηκεύτηκε σε:
| Κύριος συγγραφέας: | |
|---|---|
| Συγγραφή απο Οργανισμό/Αρχή: | |
| Μορφή: | Thesis Βιβλίο |
| Γλώσσα: | Greek |
| Δημοσίευση: |
2017.
|
| Θέματα: | |
| Διαθέσιμο Online: | http://hdl.handle.net/11610/17571 |
| Ετικέτες: |
Προσθήκη ετικέτας
Δεν υπάρχουν, Καταχωρήστε ετικέτα πρώτοι!
|
MARC
| LEADER | 00000cam a2200000 a 4500 | ||
|---|---|---|---|
| 001 | 1/113728 | ||
| 008 | 170426s2017####gr | ||| |||| ||gre|| | ||
| 040 | |a GR-MyUa |b gre |c GR-MyUa |e AACR2 | ||
| 041 | 0 | |a gre | |
| 082 | 7 | |a 332.601519236 |2 (23) | |
| 100 | 1 | |a Δουλφής, Δημήτριος. | |
| 245 | 1 | 0 | |a Διαφορετικές μορφές non arbitrage και βιωσιμότητα της αγοράς : |b μεταπτυχιακή εργασία / |c Δημήτριος Δουλφής ; επιβλέπων καθηγητής Στυλιανός Ξανθόπουλος. |
| 260 | |c 2017. | ||
| 300 | |a 72 σ. ; |c 30 εκ. | ||
| 500 | |a Μέλη της εξεταστικής επιτροπής: Ξανθόπουλος Στυλιανός, Ανούσης Μιχαήλ, Χαλιδιάς Νικόλαος. | ||
| 502 | |a Διατριβή (μεταπτυχιακή) - Πανεπιστήμιο Αιγαίου, Σάμος, 2017. | ||
| 504 | |a Βιβλιογραφία: σ. 70-72. | ||
| 506 | 0 | |a Διάθεση πλήρους κειμένου - Ελεύθερη πρόσβαση. | |
| 520 | 8 | |a Στην παρούσα διπλωματική εργασία μελετάμε τη σχέση ανάμεσα στην έννοια της απουσίας arbitrage από μία χρηματοοικονομική αγορά και στην έννοια της βιωσιμότητας της αγοράς, δηλαδή στην ύπαρξη λύσης στο πρόβλημα βελτιστοποίησης χαρτοφυλακίου. Πιο συγκεκριμένα, παρουσιάζονται οι σημαντικότερες συνθήκες No Arbitrage που μπορεί να ικανοποιεί μία χρηματοοικονομική αγορά και μελετώνται οι μεταξύ τους σχέσεις. Υπό την ισχύ κάθε συνθήκης No Arbitrage παρουσιάζονται τα βασικότερα αποτελέσματα που ισχύουν σε μία χρηματοοικονομική αγορά και σχετίζονται με τη θεωρία των martingales. Στη συνέχεια μελετάται η έννοια της βιωσιμότητας της αγοράς και αναζητείται η ελάχιστη συνθήκη No Arbitrage η οποία μπορεί να εξασφαλίσει ότι μία αγορά είναι βιώσιμη. Σε αυτή την προσπάθεια γεννιούνται δύο ακόμα μορφές της έννοιας της βιωσιμότητας, η τοπική και η ασθενής. Τέλος, παρουσιάζονται κάποια βασικά αποτελέσματα που σχετίζονται με μία σημαντική έννοια των χρηματοοικονομικών μαθηματικών, αυτή του Numeraire Portfolio. | |
| 540 | |a Κλειδωμένη η δυνατότητα αντιγραφής (copy) του κειμένου. | ||
| 650 | 0 | |a Dissertations, Academic |z Greece. | |
| 650 | 0 | |a Arbitrage. | |
| 650 | 0 | |a Martingales (Mathematics) | |
| 700 | 1 | |a Ξανθόπουλος, Στυλιανός, |e dgs | |
| 710 | 2 | |a Πανεπιστήμιο Αιγαίου. |b Σχολή Θετικών Επιστημών. |b Τμήμα Στατιστικής και Αναλογιστικών-Χρηματοοικονομικών Μαθηματικών. |b Μεταπτυχιακό Πρόγραμμα Στατιστική και Αναλογιστικά - Χρηματοοικονομικά Μαθηματικά. | |
| 852 | |a INST |b SAMOS |c DIATR |e 20170426 |h 332.601519236 ΔΟΥ |p 005300044511 |q 005300044511 |t MTXE |y 23 | ||
| 856 | |u http://hdl.handle.net/11610/17571 | ||
| 924 | |a Δουλφής |b Δημήτριος |y Σάμος |z 2017-02 | ||
| 970 | |a Κοσιέρης |b Χρήστος |z 26-04-2017 | ||